Tornadoes / (Record no. 789)

MARC details
000 -LEADER
fixed length control field 00755nam a22002417a 4500
005 - DATE AND TIME OF LATEST TRANSACTION
control field 20230707152329.0
020 ## - INTERNATIONAL STANDARD BOOK NUMBER
International Standard Book Number 9780545137249
040 ## - CATALOGING SOURCE
Original cataloging agency FISKH
Language of cataloging eng
Transcribing agency FISKH
Modifying agency FISKH
082 ## - DEWEY DECIMAL CLASSIFICATION NUMBER
Classification number 550
100 ## - MAIN ENTRY--PERSONAL NAME
Personal name Martin, Justin McCory
245 ## - TITLE STATEMENT
Title Tornadoes /
Statement of responsibility, etc. Martin, Justin McCory
250 ## - EDITION STATEMENT
Edition statement First printing, November 2009
260 ## - PUBLICATION, DISTRIBUTION, ETC.
Place of publication, distribution, etc. New York :
Name of publisher, distributor, etc. Scholastic,
Date of publication, distribution, etc. 2009.
300 ## - PHYSICAL DESCRIPTION
Extent 16 pages :
Other physical details illustrations,
Dimensions 23 cm.
505 ## - FORMATTED CONTENTS NOTE
Formatted contents note J <br/>
520 ## - SUMMARY, ETC.
Summary, etc. Tornadoes twist, turn, and tear through the air! This book is packed with facts about these whirling storms
521 ## - TARGET AUDIENCE NOTE
Target audience note 480
Source Lexile <br/>
521 ## - TARGET AUDIENCE NOTE
Target audience note J <br/>
Source Raz-Plus <br/>
650 ## - SUBJECT ADDED ENTRY--TOPICAL TERM
Topical term or geographic name entry element Weather
Form subdivision Nature
942 ## - ADDED ENTRY ELEMENTS (KOHA)
Source of classification or shelving scheme Dewey Decimal Classification
Koha item type Books
Suppress in OPAC No
999 ## -
-- 789
-- 789
Holdings
Withdrawn status Lost status Source of classification or shelving scheme Damaged status Not for loan Collection Home library Current library Shelving location Date acquired Total Checkouts Full call number Barcode Date last seen Date last checked out Price effective from Koha item type
    Dewey Decimal Classification     Non-Fiction Footprints International School Library Network Toul Kork Campus Footprints International School Library Network Toul Kork Campus TK Primary Library Room(4th Floor), Bookcase 1&2, Shelves 1-16, Dark Blue Books 07/07/2023 1 MAR 550 FISBK05542 12/20/2024 09/13/2024 07/07/2023 Books